Winx Club de A à Z - Statistiques

Statistiques générales
  • Ce quiz a été pris 305 fois
  • Le résultat moyen est 13 sur 25
Statistiques - réponses
Indices Réponses % Correct
B Fée de la flamme du dragon Bloom
97%
A L’école des fées Alféa
94%
S Fée de la lune et du soleil Stella
88%
R Petit-ami de Musa Riven
85%
K Animal de compagnie de Bloom Kiko
84%
W Nom du groupe d'amies des fées Winx
84%
E Transformation Finale Enchantix
83%
F Directrice de l'école des fées Faragonda
81%
I Principale des trois Trix Icy
81%
D Planète natale de Bloom Domino
77%
N Défunt spécialiste Nabu
76%
G Ville où vivent les winx (saison 4) Gardenia
63%
M Petite soeur de Flora Miele
58%
L Mère de Stella Luna
56%
H Petit-fils de Saladin Helia
47%
U Tenue des spécialistes Uniforme
46%
O Père biologique de Bloom Oritel
42%
J Producteur de musique Jason Queen
26%
Z Planète natale de Tecna Zenith
26%
P Ile aux Dragons Pyros
23%
C Artefact magique Codex
15%
T Royaume des fées terrestres Tir Nan Og
12%
Q Sort puissant en possession de Valtor Quatre Éléments
2%
V Antagoniste puissant Valor
2%
Y Animal magique de Flora Youko
0%
Aucun quiz correspondant
Distribution des résultats
% des personnes avec chaque résultat
Percentile par nombre de réponses
Votre historique - résultats
Vous n’avez pas pris ce quiz